It looks like you're offline.
Open Library logo
additional options menu

MARC Record from Scriblio

Record ID marc_records_scriblio_net/part26.dat:116406213:751
Source Scriblio
Download Link /show-records/marc_records_scriblio_net/part26.dat:116406213:751?format=raw

LEADER: 00751cam 22002538a 4500
001 97005957
003 DLC
005 19990716000000.0
008 970218s1997 wiu c 000 0 eng
010 $a 97005957
020 $a1559716371 (pbk.)
040 $aDLC$cDLC$dDLC
042 $alcac
050 00 $aQL737.C22$bS36 1997
082 00 $a599.775$221
100 1 $aSchuler, Judy,$d1940-
245 10 $aFoxes for kids /$cby Judy Schuler.
260 $aMinocqua, Wis. :$bNorthWord Press,$c1997.
263 $a9803
300 $ap. cm.
440 0 $aWildlife for kids series
520 $aRelates information about the life, habits, and natural history of all five North American species of foxes.
650 0 $aFoxes$xJuvenile literature.
650 1 $aFoxes.